000 00674nam a2200241Ia 4500
005 20260430150348.0
008 008 250103s9999 xx 000 0 eng d
037 _aTheses
040 _aCRL
040 _beng
040 _ceng
041 _2eng
041 _aeng
084 _qCRL
100 _aAhuja Sumiti Au.; Tikoo Anju Vali Gu.
_91237263
245 0 _aCriminal Justice Administration and Forensic Expert Evidence: A Study of Issues and Challenges with Regard to Indian Jurisdiction
260 _c2023
300 _a481p.
650 _aLaw
700 _aUniversity of Delhi. Faculty of Arts. Deptt. of Law
942 _cTH
999 _c1849603
_d1849603